Satires et oeuvres diverses de M. Boileau Despreaux (Record no. 152300)

MARC details
000 -LEADER
campo de control de longitud fija 00913nam a22002175i 4500
001 - NÚMERO DE CONTROL
campo de control 152300
003 - IDENTIFICADOR DE NÚMERO DE CONTROL
campo de control ES-MaACL
005 - FECHA Y HORA DE LA ÚLTIMA TRANSACCIÓN
campo de control 20250725063211.0
008 - DATOS DE LONGITUD FIJA--INFORMACIÓN GENERAL
campo de control de longitud fija 050801s1741 fr a | |||||||| ||fre d
040 ## - FUENTE DE CATALOGACIÓN
Centro catalogador/agencia de origen CAM
Lengua de catalogación spa
Centro/agencia transcriptor CAM
100 1# - ENTRADA PRINCIPAL--NOMBRE DE PERSONA
Nombre de persona Boileau Despréaux, Nicolas,
Fechas asociadas al nombre 1636-1711
9 (RLIN) 29846
245 10 - MENCIÓN DEL TÍTULO
Título Satires et oeuvres diverses de M. Boileau Despreaux
Resto del título : ; avec les Passages des Pöetes Latins, imitez par l'Auteur.
250 ## - MENCION DE EDICION
Mención de edición Nouvelle edition, augmentée de plusieurs piéces...
260 ## - PUBLICACIÓN, DISTRIBUCIÓN, ETC.
Lugar de publicación, distribución, etc. A Amsterdam :
Nombre del editor, distribuidor, etc. chez Henry Schelte,
Fecha de publicación, distribución, etc. 1741.
300 ## - DESCRIPCIÓN FÍSICA
Extensión XXXI, [17], 480 p., [1] h. de grab. ;
Dimensiones 12º.
597 ## - NOTA DE DESCRIPCIÓN FÍSICA
NOTA DE DESCRIPCIÓN FÍSICA Sign.: a-b12, A-V12.
597 ## - NOTA DE DESCRIPCIÓN FÍSICA
NOTA DE DESCRIPCIÓN FÍSICA Port. a dos tintas con viñeta calc.
599 ## - NOTA A LAS ILUSTRACIONES
NOTA A LAS ILUSTRACIONES La h. de grab. calc. retrato de Boileau.
852 ## - LOCALIZACIÓN
Ubicación ES-MaACL
Número de control de estantería R-992
Nota libre -- Enc. piel
-- -- Dedic. ms. de Paule Vanels a Eugene Desaurieres, 1813
Encuadernación -- Olim: G-8842
Holdings
Estatus retirado Estado de pérdida Estado de daño No para préstamo Colección Biblioteca de origen Biblioteca actual Ubicación en estantería Fecha de adquisición Fuente de adquisición Total de préstamos Signatura topográfica completa Código de barras Visto por última vez Precio de reemplazo Tipo de ítem Koha
        Libros del s. XVIII Biblioteca del Ateneo de Madrid Biblioteca del Ateneo de Madrid Depósito 17/01/2008     R-992 1159014 23/02/2023 23/02/2023 Libro impreso antiguo